000 00569nam a2200169 4500
001 122186
003 ES-MaACL
005 20251116063102.0
007 t|
008 070214s1954 sp r ||||1| spa d
100 0 _aPrieto-Castro y Ferrándiz, Leonardo
_993919
245 1 0 _aDerecho Procesal Civil
_b: (manual) : (ajustado a la Legislación hasta 1954) /
_cpor Leonardo Prieto Castro.
260 _aZaragoza :
_b[s. n.],
_cImp. Vda. de Galo Sèz (
_f1954)
300 _a2 t. ;
_c22 cm.
852 _aES-MaACL
_jE-2360-61
_bR.36954
999 _c122186
_d122186